Situación jurídica del trabajador en la empresa (Record no. 144492)

MARC details
000 -LEADER
campo de control de longitud fija 00575nam a2200181 4500
001 - NÚMERO DE CONTROL
campo de control 144492
003 - IDENTIFICADOR DE NÚMERO DE CONTROL
campo de control ES-MaACL
005 - FECHA Y HORA DE LA ÚLTIMA TRANSACCIÓN
campo de control 20230906201029.0
007 - CAMPO FIJO DE DESCRIPCIÓN FÍSICA--INFORMACIÓN GENERAL
campo de control de longitud fija t|
008 - DATOS DE LONGITUD FIJA--INFORMACIÓN GENERAL
campo de control de longitud fija 070214s1957 sp r ||||1| spa d
245 00 - MENCIÓN DEL TÍTULO
Título Situación jurídica del trabajador en la empresa
Resto del título : textos para la Escuela Sindical.
250 ## - MENCION DE EDICION
Mención de edición 7ª ed.
260 ## - PUBLICACIÓN, DISTRIBUCIÓN, ETC.
Lugar de publicación, distribución, etc. [S. l. :
Nombre del editor, distribuidor, etc. s. n.,
Fecha de publicación, distribución, etc. 1957] (
Fabricante Imp. Pueblo)
300 ## - DESCRIPCIÓN FÍSICA
Extensión 111 p. ;
Dimensiones 17 cm.
500 ## - NOTA GENERAL
Nota general Precede al tít.: Centro de Estudios Sindicales.
710 2# - ENTRADA AGREGADA--NOMBRE DE ENTIDAD CORPORATIVA
Nombre de entidad corporativa o nombre de jurisdicción como elemento de entrada Centro de Estudios Sindicales.
9 (RLIN) 2669
852 ## - LOCALIZACIÓN
Ubicación ES-MaACL
Número de control de estantería C-14748
Sublocalización o colección R.41441
Holdings
Estatus retirado Estado de pérdida Estado de daño No para préstamo Biblioteca de origen Biblioteca actual Ubicación en estantería Fecha de adquisición Fuente de adquisición Total de préstamos Signatura topográfica completa Código de barras Visto por última vez Precio de reemplazo Tipo de ítem Koha
        Biblioteca del Ateneo de Madrid Biblioteca del Ateneo de Madrid Ficheros 17/01/2008     C-14748 1150336 23/02/2023 23/02/2023 Libro impreso